[Event "World Senior chT-50 2019"]
[Site "Rhodes"]
[Date "2019.04.19"]
[Round "4.15"]
[White "Salonen, Jyrki"]
[Black "Llanos, Guillermo"]
[Result "1/2-1/2"]
[WhiteElo "2162"]
[BlackElo "2293"]
[PlyCount "81"]
[EventDate "2019.04.16"]
[EventType "team-tourn"]
[EventCountry "GRE"]
[TimeControl "40/5400+30:1800+30"]

1. g3 {[%emt 0:00:00]} e5 {[%emt 0:00:08]} 2. Bg2 {[%emt 0:00:00]} d5 {[%emt 0:01:07]} 3. d3 {[%emt 0:00:26]} Nc6 {[%emt 0:01:13]} 4. Nf3 {[%emt 0:00:39]} Nf6 {[%emt 0:00:32]} 5. O-O {[%emt 0:00:19]} Be7 {[%emt 0:00:03]} 6. c3 {[%emt 0:02:52]} a5 {[%emt 0:00:27]} 7. e4 {[%emt 0:05:57]} dxe4 {[%emt 0:04:49]} 8. dxe4 {[%emt 0:00:14]} Qxd1 {[%emt 0:00:05]} 9. Rxd1 {[%emt 0:00:08]} Nxe4 {[%emt 0:01:09]} 10. Nxe5 {[%emt 0:05:41]} Nxe5 {[%emt 0:00:05]} 11. Bxe4 {[%emt 0:00:22]} Bg4 {[%emt 0:17:11]} 12. Re1 {[%emt 0:06:54]} Nf3+ {[%emt 0:00:16]} 13. Bxf3 {[%emt 0:00:08]} Bxf3 {[%emt 0:00:04]} 14. Bf4 {[%emt 0:03:36]} Rc8 {[%emt 0:09:24]} 15. Na3 {[%emt 0:10:38]} Bc6 {[%emt 0:14:01]} 16. Nc4 {[%emt 0:02:23]} b6 {[%emt 0:03:05]} 17. Rad1 {[%emt 0:12:45]} Bd7 {[%emt 0:13:33]} 18. Rxd7 {[%emt 0:07:32]} Kxd7 {[%emt 0:00:15]} 19. Ne5+ {[%emt 0:00:08]} Ke6 {[%emt 0:04:01]} 20. Ng6+ {[%emt 0:00:46]} Kf6 {[%emt 0:00:10]} 21. Nxe7 {[%emt 0:10:46]} Rhe8 {[%emt 0:00:28]} 22. Nd5+ {[%emt 0:03:48]} Kf5 {[%emt 0:00:04]} 23. Kf1 {[%emt 0:06:09]} Rxe1+ {[%emt 0:00:25]} 24. Kxe1 {[%emt 0:00:03]} Ke4 {[%emt 0:02:29]} 25. c4 {[%emt 0:03:56]} b5 {[%emt 0:08:35]} 26. Nc3+ {[%emt 0:01:05]} Kd3 {[%emt 0:00:05]} 27. cxb5 {[%emt 0:01:28]} Kc2 {[%emt 0:00:18]} 28. Nd5 {[%emt 0:01:53]} c6 {[%emt 0:02:33]} 29. b6 {[%emt 0:01:33]} cxd5 {[%emt 0:00:02]} 30. b7 {[%emt 0:00:10]} Re8+ {[%emt 0:00:03]} 31. Kf1 {[%emt 0:00:07]} d4 {[%emt 0:01:06]} 32. b8=Q {[%emt 0:02:49]} Rxb8 {[%emt 0:00:04]} 33. Bxb8 {[%emt 0:00:15]} d3 {[%emt 0:00:02]} 34. Bf4 {[%emt 0:00:37]} d2 {[%emt 0:00:03]} 35. Bxd2 {[%emt 0:00:41]} Kxd2 {[%emt 0:00:08]} 36. b3 {[%emt 0:01:44]} Kc3 {[%emt 0:03:01]} 37. Ke2 {[%emt 0:00:21]} Kb2 {[%emt 0:00:15]} 38. Kd2 {[%emt 0:03:12]} Kxa2 {[%emt 0:00:10]} 39. Kc2 {[%emt 0:00:42]} Ka3 {[%emt 0:00:06]} 40. Kc3 {[%emt 0:00:00]} h5 {[%emt 0:00:00]} 41. Kd4 {[%emt 0:04:38]} 1/2-1/2

[Event "World Senior chT-50 2019"]
[Site "Rhodes"]
[Date "2019.04.19"]
[Round "4.16"]
[White "Perez Wertheim, Rodolfo"]
[Black "Fieandt, John"]
[Result "0-1"]
[WhiteElo "1914"]
[BlackElo "2151"]
[PlyCount "142"]
[EventDate "2019.04.16"]
[EventType "team-tourn"]
[EventCountry "GRE"]
[TimeControl "40/5400+30:1800+30"]

1. d4 {[%emt 0:00:00]} Nf6 {[%emt 0:00:01]} 2. Nf3 {[%emt 0:00:03]} g6 {[%emt 0:00:15]} 3. Bg5 {[%emt 0:01:11]} Bg7 {[%emt 0:00:36]} 4. Nbd2 {[%emt 0:00:30]} d6 {[%emt 0:01:34]} 5. e4 {[%emt 0:00:24]} Nbd7 {[%emt 0:01:21]} 6. Bc4 {[%emt 0:02:48]} Nb6 {[%emt 0:09:21]} 7. Bb3 {[%emt 0:00:22]} h6 {[%emt 0:02:31]} 8. Bf4 {[%emt 0:13:46]} a5 {[%emt 0:03:00]} 9. a4 {[%emt 0:02:48]} g5 {[%emt 0:17:27]} 10. Bg3 {[%emt 0:12:50]} Nh5 {[%emt 0:01:08]} 11. Ne5 {[%emt 0:01:41]} dxe5 {[%emt 0:03:34]} 12. Qxh5 {[%emt 0:00:29]} e6 {[%emt 0:00:29]} 13. dxe5 {[%emt 0:01:19]} Qe7 {[%emt 0:09:02]} 14. f4 {[%emt 0:16:07]} Bd7 {[%emt 0:03:03]} 15. O-O {[%emt 0:00:33]} O-O-O {[%emt 0:00:15]} 16. Nf3 {[%emt 0:06:50]} gxf4 {[%emt 0:14:18]} 17. Bh4 {[%emt 0:08:06]} Qc5+ {[%emt 0:00:22]} 18. Kh1 {[%emt 0:00:14]} Rdf8 {[%emt 0:00:33]} 19. Qg4 {[%emt 0:00:28]} Rhg8 {[%emt 0:07:07]} 20. Qxf4 {[%emt 0:00:46]} Bc6 {[%emt 0:00:31]} 21. Bf6 {[%emt 0:07:11]} Bxf6 {[%emt 0:02:04]} 22. exf6 {[%emt 0:00:09]} h5 {[%emt 0:01:24]} 23. Ne5 {[%emt 0:02:08]} Nd7 {[%emt 0:01:29]} 24. Nxc6 {[%emt 0:09:21]} Qxc6 {[%emt 0:00:13]} 25. h3 {[%emt 0:05:16]} Rg6 {[%emt 0:01:01]} 26. Qh4 {[%emt 0:00:43]} Qc5 {[%emt 0:01:04]} 27. Rf2 {[%emt 0:02:37]} Qe5 {[%emt 0:00:29]} 28. Raf1 {[%emt 0:00:29]} Kb8 {[%emt 0:01:04]} 29. c3 {[%emt 0:00:19]} Rfg8 {[%emt 0:00:32]} 30. Bd1 {[%emt 0:00:42]} Rg5 {[%emt 0:01:06]} 31. Rd2 {[%emt 0:03:35]} Nc5 {[%emt 0:01:07]} 32. Bc2 {[%emt 0:00:01]} b6 {[%emt 0:01:36]} 33. Qf4 {[%emt 0:00:13]} Kc8 {[%emt 0:03:22]} 34. Qxe5 {[%emt 0:00:13]} Rxe5 {[%emt 0:00:02]} 35. Rf4 {[%emt 0:00:08]} Rg6 {[%emt 0:00:22]} 36. Kh2 {[%emt 0:01:27]} Nd7 {[%emt 0:01:43]} 37. Rdf2 {[%emt 0:00:00]} Reg5 {[%emt 0:01:03]} 38. Bd3 {[%emt 0:00:28]} Ne5 {[%emt 0:05:13]} 39. Be2 {[%emt 0:00:02]} Kb7 {[%emt 0:01:11]} 40. Rh4 {[%emt 0:00:00]} Rh6 {[%emt 0:00:00]} 41. Kg1 {[%emt 0:04:12]} Ng6 {[%emt 0:00:55]} 42. Rhf4 {[%emt 0:02:55]} Nxf4 {[%emt 0:03:14]} 43. Rxf4 {[%emt 0:00:01]} c6 {[%emt 0:02:05]} 44. Kf2 {[%emt 0:07:35]} Kc7 {[%emt 0:00:36]} 45. b4 {[%emt 0:07:32]} Kd6 {[%emt 0:00:58]} 46. h4 {[%emt 0:00:26]} Rgg6 {[%emt 0:02:26]} 47. Kf3 {[%emt 0:05:01]} Ke5 {[%emt 0:03:43]} 48. bxa5 {[%emt 0:00:52]} bxa5 {[%emt 0:02:09]} 49. g3 {[%emt 0:04:17]} Rxf6 {[%emt 0:00:44]} 50. Ke3 {[%emt 0:00:52]} c5 {[%emt 0:05:32]} 51. Bf3 {[%emt 0:02:33]} Rhg6 {[%emt 0:03:22]} 52. Rxf6 {[%emt 0:00:25]} Kxf6 {[%emt 0:00:10]} 53. Kf2 {[%emt 0:00:24]} Rh6 {[%emt 0:00:17]} 54. Ke3 {[%emt 0:00:15]} Ke5 {[%emt 0:00:04]} 55. Be2 {[%emt 0:00:18]} f5 {[%emt 0:00:55]} 56. exf5 {[%emt 0:01:26]} Kxf5 {[%emt 0:00:11]} 57. Kd3 {[%emt 0:00:17]} Ke5 {[%emt 0:00:04]} 58. Kc4 {[%emt 0:00:20]} Kd6 {[%emt 0:00:59]} 59. Kb5 {[%emt 0:00:00]} Rg6 {[%emt 0:00:18]} 60. Bxh5 {[%emt 0:01:34]} Rxg3 {[%emt 0:00:09]} 61. Kxa5 {[%emt 0:01:26]} Rh3 {[%emt 0:02:05]} 62. Be8 {[%emt 0:00:25]} Rxh4 {[%emt 0:00:30]} 63. Kb6 {[%emt 0:00:02]} Rc4 {[%emt 0:10:57]} 64. a5 {[%emt 0:00:10]} Rxc3 {[%emt 0:00:06]} 65. a6 {[%emt 0:00:04]} Ra3 {[%emt 0:00:05]} 66. Bb5 {[%emt 0:00:45]} Kd5 {[%emt 0:00:19]} 67. a7 {[%emt 0:01:48]} Rxa7 {[%emt 0:00:12]} 68. Kxa7 {[%emt 0:00:01]} c4 {[%emt 0:00:08]} 69. Kb6 {[%emt 0:00:11]} e5 {[%emt 0:00:04]} 70. Bc6+ {[%emt 0:00:31]} Kd4 {[%emt 0:00:07]} 71. Kb5 {[%emt 0:00:06]} c3 {[%emt 0:00:02]} 0-1

[Event "World Senior chT-50 2019"]
[Site "Rhodes"]
[Date "2019.04.19"]
[Round "4.17"]
[White "Stangl, Markus"]
[Black "Lewis, Andrew P"]
[Result "1-0"]
[WhiteElo "2432"]
[BlackElo "2347"]
[Annotator "TA"]
[PlyCount "47"]
[EventDate "2019.04.16"]
[EventType "team-tourn"]
[EventCountry "GRE"]

{[%evp 16,47,22,26,39,30,6,9,5,0,-1,-27,-21,-44,-25,-55,-47,-79,0,9,51,52,53,42,54,53,41,0,23,14,104,102,29995,29996]} 1. e4 c5 2. Nf3 Nc6 3. Bb5 d6 4. O-O Bd7 5. c3 Nf6 6. Re1 a6 7. Ba4 b5 8. Bc2 Bg4 9. h3 Bh5 {B51: Sicilian: Moscow Variation (3 Bb5+) without 3...Bd7} (9... Bxf3 10. Qxf3 g6 11. a4 Rb8 12. axb5 axb5 13. Qd1 Bh6 14. Na3 O-O 15. Bd3 c4 16. Bf1 Na5 17. d3 Bxc1 18. Rxc1 cxd3 19. Qxd3 {½-½ (25) Andriasian,Z (2612)-Moiseenko,A (2695) Jerusalem 2015}) 10. d3 e6 11. Nbd2 {[%cal Bb1d2,Bd2f1,Bf1g3][%mdl 32]} Be7 {The position is equal.} 12. g4 Bg6 13. Nf1 $146 ({Predecessor:} 13. Nh4 Nd7 14. Ng2 e5 15. Nf3 h5 16. g5 Nf8 17. d4 {½-½ (32) Kindermann,S (2498)-Stojanovic,D (2495) Istanbul 2012}) 13... d5 14. Ng3 Qc7 15. a4 {[#] Threatens to win with exd5.} b4 16. Qe2 dxe4 (16... O-O $17) 17. dxe4 $11 Nd7 18. Nf5 exf5 19. exf5 {And now Be4 would win.} O-O 20. fxg6 hxg6 21. Qe4 Bd6 22. Bb3 Nf6 (22... Rab8 $11 {remains equal.} 23. Bc4 Na5) 23. Qxg6 $1 $16 {Threatening mate with Bh6!} Na5 $2 {[%mdl 8192] [#]} (23... c4 $16 24. Bxc4 Ne5 25. Nxe5 Bxe5) 24. Bh6 $1 {Accuracy: White = 30%, Black = 41%.} 1-0

[Event "World Senior chT-50 2019"]
[Site "Rhodes"]
[Date "2019.04.19"]
[Round "4.18"]
[White "Frostick, Clive A"]
[Black "Tischbierek, Raj"]
[Result "1/2-1/2"]
[WhiteElo "2121"]
[BlackElo "2435"]
[Annotator "RC"]
[PlyCount "73"]
[EventDate "2019.04.16"]
[EventType "team-tourn"]
[EventCountry "GRE"]

{[%evp 12,73,20,14,38,41,35,37,49,29,0,5,5,5,12,0,6,3,4,0,4,0,20,19,25,11,55,36,58,25,29,37,27,0,0,0,0,0,0,0,0,0,0,0,0,0,61,32,31,-16,-31,-25,-20,-20,-16,-16,-15,-20,0,0,8,8,8,8]} 1. e4 c5 2. Nf3 d6 3. Bb5+ Nd7 4. c3 Ngf6 5. Qe2 a6 6. Ba4 b5 7. Bc2 Ne5 {B51: Sicilian: Moscow Variation (3 Bb5+) without 3...Bd7} (7... Bb7 8. d4 g6 9. O-O Bg7 10. e5 dxe5 11. dxe5 Bxf3 12. gxf3 Nd5 13. e6 N7f6 14. c4 bxc4 15. exf7+ Kxf7 {0-1 (31) Mamedov,R (2701)-Nepomniachtchi,I (2771) Astana 2019}) 8. Nxe5 dxe5 9. a4 Bd7 {White is slightly better.} 10. axb5 $146 ({Predecessor:} 10. O-O e6 11. Rd1 Bc6 12. d4 cxd4 13. cxd4 exd4 14. axb5 Bxb5 15. Ba4 Bxa4 16. Rxa4 {0-1 (46) Taglialatela,M (2045)-Pegoraro,N (2035) Ischia 2010}) 10... axb5 11. Rxa8 Qxa8 12. d3 e6 13. Nd2 Be7 14. Nf3 Qb8 $1 15. O-O O-O 16. Bg5 Re8 17. Rd1 Qc7 18. h3 g6 19. Qe3 Bc8 20. g4 Nd7 21. Bxe7 Rxe7 22. d4 cxd4 23. cxd4 Qxc2 24. Rc1 Qxb2 25. Rxc8+ Kg7 26. Rc7 {[#] Threatens to win with Nxe5.} Qa1+ 27. Kg2 {Black must now prevent Nxe5.} Qa5 $1 {[%cal Ra5c7]} 28. Qc1 Qa8 (28... exd4 $11 29. Nxd4 b4) 29. dxe5 {Qd1 is the strong threat.} (29. Qb2 {looks sharper.} Qd8 30. Qb4 exd4 31. Qxd4+ e5 32. Qd6) 29... Qxe4 30. Qc6 (30. Qd1 {is more complex.} Qd5 31. Qxd5 exd5 32. Nd4 Kf8 33. f4) 30... Qxc6 31. Rxc6 $11 {[%mdl 4096] Endgame KRN-KRN} Kf8 32. Rc8+ {The position is equal.} Re8 33. Rc7 Rd8 34. Rb7 Ke8 35. Rxb5 Rb8 36. Rxb8+ Nxb8 37. Ng5 {Accuracy: White = 49%, Black = 64%.} 1/2-1/2

[Event "World Senior chT-50 2019"]
[Site "Rhodes"]
[Date "2019.04.19"]
[Round "4.19"]
[White "Brendel, Oliver"]
[Black "Fraser-Mitchell, Jeremy N"]
[Result "1-0"]
[WhiteElo "2339"]
[BlackElo "2073"]
[PlyCount "81"]
[EventDate "2019.04.16"]
[EventType "team-tourn"]
[EventCountry "GRE"]
[TimeControl "40/5400+30:1800+30"]

1. c4 {[%emt 0:00:00]} e5 {[%emt 0:00:00]} 2. g3 {[%emt 0:00:00]} Nc6 {[%emt 0:00:00]} 3. Nc3 {[%emt 0:00:00]} g6 {[%emt 0:00:00]} 4. Bg2 {[%emt 0:00:08]} Bg7 {[%emt 0:00:00]} 5. e4 {[%emt 0:00:09]} Nge7 {[%emt 0:00:01]} 6. Nge2 {[%emt 0:00:27]} O-O {[%emt 0:00:08]} 7. d3 {[%emt 0:00:46]} d6 {[%emt 0:00:06]} 8. O-O {[%emt 0:00:13]} f5 {[%emt 0:00:31]} 9. Nd5 {[%emt 0:00:08]} h6 {[%emt 0:05:53] A26: English Opening vs King's Indian with ...Nc6 and d3} (9... Kh8 10. Be3 Be6 11. Qd2 Qd7 12. Rae1 Ng8 13. b4 Nd8 14. exf5 Bxf5 15. d4 Nf7 16. b5 Bh3 17. f3 Bxg2 18. Kxg2 {½-½ (28) Gorovets,A (2505)-Smirin,I (2663) Arlington 2015}) 10. f4 {[%emt 0:02:10]} Kh7 {[%emt 0:05:04]} 11. Kh1 $146 {[%emt 0:09:16]} ({Predecessor:} 11. Rb1 Be6 12. b4 Rb8 13. b5 Nd4 14. Nxd4 exd4 15. Re1 fxe4 16. Nxe7 Qxe7 17. Bxe4 Qd7 18. Qf3 Bg4 19. Qg2 Bh3 20. Qf3 Bg4 21. Qg2 Bh3 22. Qf3 Bg4 {½-½ (22) Lehtisalo,M (2107)-Sipila,M (2002) Finland 2015}) 11... Be6 {[%emt 0:02:40]} 12. Be3 {[%emt 0:01:42]} Qd7 {[%emt 0:02:49]} 13. Qd2 {[%emt 0:07:29]} Rf7 {[%emt 0:11:57]} 14. d4 {[%emt 0:06:49]} exd4 {[%emt 0:04:52]} 15. Nxd4 {[%emt 0:00:20]} Nxd4 {[%emt 0:00:40]} 16. Bxd4 {[%emt 0:00:44]} Raf8 {[%emt 0:03:44]} 17. Bxg7 {[%emt 0:08:34]} Rxg7 {[%emt 0:10:25]} 18. Qd4 {[%emt 0:00:13]} Rgf7 {[%emt 0:02:35]} 19. Qxa7 {[%emt 0:01:31]} fxe4 {[%emt 0:06:54]} 20. Bxe4 {[%emt 0:14:32]} Nf5 $16 {[%emt 0:00:40]} 21. Rfe1 {[%emt 0:10:41]} c6 {[%emt 0:03:55]} 22. Qf2 {[%emt 0:06:13]} b5 {[%emt 0:04:27]} 23. b3 {[%emt 0:06:20]} Ng7 {[%emt 0:03:08]} 24. Nb4 {[%emt 0:01:38]} bxc4 {[%emt 0:04:46]} 25. bxc4 {[%emt 0:02:08]} Rc8 {[%emt 0:04:40]} 26. Qb6 {[%emt 0:06:17]} Bxc4 {[%emt 0:04:26]} 27. Nxc6 {[%emt 0:02:48]} Nf5 {[%emt 0:02:29]} 28. Bg2 {[%emt 0:01:44]} h5 {[%emt 0:02:29]} 29. Nd4 {[%emt 0:01:57]} Ne7 {[%emt 0:03:49]} 30. Nf3 {[%emt 0:00:18]} Kh6 {[%emt 0:05:16]} 31. Ng5 {[%emt 0:00:08]} Rff8 {[%emt 0:00:37]} 32. a4 {[%emt 0:01:22]} Bd5 {[%emt 0:02:23]} 33. Bxd5 {[%emt 0:00:56]} Nxd5 {[%emt 0:00:06]} 34. Qb5 {[%emt 0:01:24]} Qf5 {[%emt 0:01:31]} 35. Rad1 {[%emt 0:01:12]} Rc5 {[%emt 0:00:56]} 36. Qb7 {[%emt 0:01:39]} Nxf4 {[%emt 0:00:51]} 37. gxf4 {[%emt 0:01:00]} Qxf4 {[%emt 0:01:05]} 38. Ne6 {[%emt 0:00:28]} Qf6 {[%emt 0:00:23]} 39. Nxc5 {[%emt 0:01:44]} dxc5 {[%emt 0:00:09]} 40. Rd7 {[%emt 0:00:00]} Qf2 {[%emt 0:00:00]} 41. Rh7+ {[%emt 0:03:03]} 1-0

[Event "World Senior chT-50 2019"]
[Site "Rhodes"]
[Date "2019.04.19"]
[Round "4.20"]
[White "Homer, Stephen J"]
[Black "Maier, Christian"]
[Result "1/2-1/2"]
[WhiteElo "2039"]
[BlackElo "2325"]
[PlyCount "94"]
[EventDate "2019.04.16"]
[EventType "team-tourn"]
[EventCountry "GRE"]
[TimeControl "40/5400+30:1800+30"]

1. e4 {[%emt 0:00:00]} e5 {[%emt 0:00:00]} 2. Nf3 {[%emt 0:00:00]} Nc6 {[%emt 0:00:10]} 3. Bb5 {[%emt 0:00:00]} a6 {[%emt 0:02:39]} 4. Ba4 {[%emt 0:00:00]} Nf6 {[%emt 0:00:43]} 5. O-O {[%emt 0:00:00]} b5 {[%emt 0:03:57]} 6. Bb3 {[%emt 0:00:03]} Bc5 {[%emt 0:00:13]} 7. c3 {[%emt 0:03:56]} d6 {[%emt 0:00:15]} 8. d4 {[%emt 0:03:13]} Bb6 {[%emt 0:00:19]} 9. h3 {[%emt 0:11:41]} O-O {[%emt 0:02:28]} 10. Re1 {[%emt 0:11:55]} Bb7 {[%emt 0:06:49]} 11. a4 {[%emt 0:11:22]} h6 {[%emt 0:17:55]} 12. axb5 {[%emt 0:12:29]} axb5 {[%emt 0:00:16]} 13. Rxa8 {[%emt 0:00:04]} Qxa8 {[%emt 0:01:03]} 14. d5 {[%emt 0:01:07]} Ne7 {[%emt 0:01:29]} 15. Be3 {[%emt 0:05:50]} Bxe3 {[%emt 0:00:15]} 16. Rxe3 {[%emt 0:00:07]} Bc8 {[%emt 0:00:09]} 17. Na3 {[%emt 0:04:52]} Bd7 {[%emt 0:01:06]} 18. Nc2 {[%emt 0:06:32]} Ng6 {[%emt 0:01:10]} 19. Nb4 {[%emt 0:00:29]} Qa7 {[%emt 0:09:14]} 20. Kh2 {[%emt 0:01:09]} Nh7 {[%emt 0:03:21]} 21. g4 {[%emt 0:06:30]} Ng5 {[%emt 0:03:04]} 22. Nxg5 {[%emt 0:02:41]} hxg5 {[%emt 0:00:08]} 23. Nd3 {[%emt 0:00:21]} Ra8 {[%emt 0:01:35]} 24. Re1 {[%emt 0:01:00]} Qb8 {[%emt 0:08:12]} 25. Qc1 {[%emt 0:05:10]} Qd8 {[%emt 0:01:06]} 26. c4 {[%emt 0:00:48]} bxc4 {[%emt 0:01:19]} 27. Bxc4 {[%emt 0:01:23]} Qf6 {[%emt 0:08:57]} 28. Qe3 {[%emt 0:00:17]} Nh4 {[%emt 0:03:18]} 29. Rc1 {[%emt 0:01:08]} Nf3+ {[%emt 0:03:58]} 30. Kg2 {[%emt 0:00:01]} Nd4 {[%emt 0:00:17]} 31. Ne1 {[%emt 0:00:19]} Rb8 {[%emt 0:05:42]} 32. Nf3 {[%emt 0:02:38]} Rxb2 {[%emt 0:05:25]} 33. Nxg5 {[%emt 0:00:02]} g6 {[%emt 0:01:53]} 34. Nf3 {[%emt 0:02:00]} Nxf3 {[%emt 0:01:10]} 35. Qxf3 {[%emt 0:00:10]} Qg5 {[%emt 0:00:08]} 36. Qc3 {[%emt 0:02:07]} Rd2 {[%emt 0:00:23]} 37. Ra1 {[%emt 0:01:40]} Qf4 {[%emt 0:02:46]} 38. Qf3 {[%emt 0:00:36]} Rc2 {[%emt 0:00:28]} 39. Qxf4 {[%emt 0:00:55]} exf4 {[%emt 0:00:05]} 40. Bd3 {[%emt 0:00:00]} Rc3 {[%emt 0:00:00]} 41. Rd1 {[%emt 0:01:39]} Kg7 {[%emt 0:00:36]} 42. Be2 {[%emt 0:03:16]} g5 {[%emt 0:00:15]} 43. Rd3 {[%emt 0:06:49]} Rc2 {[%emt 0:03:26]} 44. Bd1 {[%emt 0:04:45]} Rc1 {[%emt 0:00:27]} 45. Bf3 {[%emt 0:00:45]} Kf6 {[%emt 0:00:29]} 46. Rd1 {[%emt 0:00:21]} Rc2 {[%emt 0:00:33]} 47. Rh1 {[%emt 0:00:50]} Rc3 {[%emt 0:08:34]} 1/2-1/2

[Event "World Senior chT-50 2019"]
[Site "Rhodes"]
[Date "2019.04.19"]
[Round "4.21"]
[White "Ross, David"]
[Black "Strutinskaia, Galina"]
[Result "1-0"]
[WhiteElo "2312"]
[BlackElo "2208"]
[PlyCount "51"]
[EventDate "2019.04.16"]
[EventType "team-tourn"]
[EventCountry "GRE"]

{[%evp 13,51,-10,-5,-10,-8,-4,0,0,0,-6,10,0,31,29,43,32,33,29,98,102,122,120,116,82,84,83,164,164,155,146,327,304,323,318,377,355,1046,1006,1645,1623]} 1. c4 e6 2. e4 d5 3. exd5 exd5 4. cxd5 Nf6 5. Bb5+ Nbd7 6. Nc3 Be7 7. Nf3 O-O 8. d4 {C00: French: Unusual White 2nd moves} Nb6 9. O-O (9. h3 Nfxd5 10. O-O c5 11. Nxd5 Nxd5 12. dxc5 Bxc5 13. Bg5 Be7 14. Bxe7 Nxe7 {1-0 (71) Wojtaszek,R (2724)-Dziuba,M (2559) Katowice 2019}) 9... Nbxd5 10. Re1 {The position is equal.} c6 11. Bc4 Bg4 12. h3 Bh5 13. g4 $36 {[%mdl 2048] White fights for an advantage.} Bg6 14. Ne5 Nb6 15. Bb3 {And now h4 would win.} c5 $146 (15... Nfd5 $11) ({Predecessor:} 15... Nfd7) 16. dxc5 $16 Qxd1 17. Rxd1 Bxc5 18. Nxg6 hxg6 19. g5 Nh5 {[#]} (19... Nfd7 $16) 20. Ne4 $1 $18 {[%cal Re4c5]} Be7 21. Be3 Nc8 $2 (21... Rfd8 $16 22. Rac1 Rxd1+ 23. Rxd1 Rc8 24. Bxb6 axb6) 22. Rd7 Rb8 23. Rc1 Re8 24. Rcc7 Bd8 $2 (24... Kf8 25. Bc5 Nf4) 25. Bxf7+ {[%mdl 64] [#] Double Attack} Kf8 26. Rxd8 {Accuracy: White = 77%, Black = 25%.} 1-0

[Event "World Senior chT-50 2019"]
[Site "Rhodes"]
[Date "2019.04.19"]
[Round "4.22"]
[White "Grabuzova, Tatiana"]
[Black "Ross, Paul"]
[Result "1-0"]
[WhiteElo "2323"]
[BlackElo "2237"]
[PlyCount "69"]
[EventDate "2019.04.16"]
[EventType "team-tourn"]
[EventCountry "GRE"]
[TimeControl "40/5400+30:1800+30"]

1. d4 {[%emt 0:00:00]} g6 {[%emt 0:00:00]} 2. c4 {[%emt 0:00:02]} f5 {[%emt 0:00:12]} 3. Nc3 {[%emt 0:01:54]} Nf6 {[%emt 0:00:20]} 4. Nf3 {[%emt 0:00:40]} Bg7 {[%emt 0:00:16]} 5. g3 {[%emt 0:00:16]} O-O {[%emt 0:00:16]} 6. Bg2 {[%emt 0:00:03]} d6 {[%emt 0:00:23]} 7. O-O {[%emt 0:00:07]} Na6 {[%emt 0:00:23]} 8. Rb1 {[%emt 0:13:36]} c6 {[%emt 0:01:45]} 9. b4 {[%emt 0:02:56]} Nc7 {[%emt 0:01:01]} 10. b5 {[%emt 0:08:33]} cxb5 {[%emt 0:00:50]} 11. cxb5 {[%emt 0:01:00]} h6 {[%emt 0:04:11]} 12. d5 {[%emt 0:14:29]} Rf7 {[%emt 0:23:26]} 13. e3 {[%emt 0:18:17]} Nd7 {[%emt 0:24:03]} 14. Nd4 {[%emt 0:15:53]} Nc5 {[%emt 0:01:20]} 15. Bb2 {[%emt 0:02:30]} Bd7 {[%emt 0:11:43]} 16. f4 {[%emt 0:02:11]} Rc8 {[%emt 0:03:21]} 17. e4 {[%emt 0:04:03]} fxe4 {[%emt 0:04:22]} 18. Nxe4 {[%emt 0:01:01]} Nxd5 {[%emt 0:06:19]} 19. Nxd6 {[%emt 0:00:42]} Ne3 {[%emt 0:00:18]} 20. Nxf7 {[%emt 0:04:02]} Nxd1 {[%emt 0:00:28]} 21. Nxd8 {[%emt 0:00:04]} Nxb2 {[%emt 0:00:09]} 22. Bd5+ {[%emt 0:00:03]} Kh7 {[%emt 0:04:37]} 23. N8e6 {[%emt 0:00:06]} Nxe6 {[%emt 0:01:16]} 24. Nxe6 {[%emt 0:00:07]} Bf6 {[%emt 0:01:29]} 25. Rfc1 {[%emt 0:02:59]} Rxc1+ {[%emt 0:00:11]} 26. Rxc1 {[%emt 0:00:05]} Bxb5 {[%emt 0:00:44]} 27. Rc7 {[%emt 0:00:28]} a6 {[%emt 0:03:20]} 28. g4 {[%emt 0:00:40]} Bd3 {[%emt 0:05:21]} 29. g5 {[%emt 0:00:32]} hxg5 {[%emt 0:00:03]} 30. fxg5 {[%emt 0:00:06]} Be5 {[%emt 0:00:23]} 31. Rxe7+ {[%emt 0:00:08]} Kh8 {[%emt 0:00:16]} 32. Re8+ {[%emt 0:02:56]} Kh7 {[%emt 0:00:03]} 33. Nf8+ {[%emt 0:00:39]} Kg7 {[%emt 0:00:25]} 34. Nd7 {[%emt 0:01:06]} Bd4+ {[%emt 0:00:14]} 35. Kg2 {[%emt 0:00:10]} 1-0

[Event "World Senior chT-50 2019"]
[Site "Rhodes"]
[Date "2019.04.19"]
[Round "4.23"]
[White "Barron, Michael"]
[Black "Fatalibekova, Elena"]
[Result "1-0"]
[WhiteElo "2124"]
[BlackElo "2148"]
[PlyCount "94"]
[EventDate "2019.04.16"]
[EventType "team-tourn"]
[EventCountry "GRE"]
[TimeControl "40/5400+30:1800+30"]

1. e4 {[%emt 0:00:00]} c5 {[%emt 0:00:00]} 2. Nf3 {[%emt 0:00:00]} Nc6 {[%emt 0:00:00]} 3. d4 {[%emt 0:00:00]} cxd4 {[%emt 0:00:00]} 4. Nxd4 {[%emt 0:00:00]} g6 {[%emt 0:00:08]} 5. c4 {[%emt 0:00:00]} Nf6 {[%emt 0:00:26]} 6. Nc3 {[%emt 0:00:00]} Nxd4 {[%emt 0:00:50]} 7. Qxd4 {[%emt 0:00:00]} d6 {[%emt 0:00:12]} 8. Be3 {[%emt 0:08:15]} Bg7 {[%emt 0:00:09]} 9. Be2 {[%emt 0:00:11]} O-O {[%emt 0:00:19]} 10. Qd2 {[%emt 0:00:27]} Be6 {[%emt 0:07:31]} 11. Rc1 {[%emt 0:01:58]} a6 {[%emt 0:05:37]} 12. O-O {[%emt 0:00:10]} Rc8 {[%emt 0:07:33]} 13. b3 {[%emt 0:02:51]} Re8 {[%emt 0:00:05]} 14. f4 {[%emt 0:04:13]} Qa5 {[%emt 0:00:52]} 15. Nd5 {[%emt 0:14:59]} Qxd2 {[%emt 0:00:25]} 16. Nxf6+ {[%emt 0:00:03]} Bxf6 {[%emt 0:01:16]} 17. Bxd2 {[%emt 0:00:02]} Bd4+ {[%emt 0:00:26]} 18. Kh1 {[%emt 0:00:02]} a5 {[%emt 0:06:31]} 19. a4 {[%emt 0:06:27]} b6 {[%emt 0:00:42]} 20. Rcd1 {[%emt 0:00:05]} Bc5 {[%emt 0:01:18]} 21. Bc3 {[%emt 0:00:53]} Red8 {[%emt 0:06:22]} 22. Rd3 {[%emt 0:01:19]} f5 {[%emt 0:01:52]} 23. Bf3 {[%emt 0:00:40]} fxe4 {[%emt 0:00:35]} 24. Bxe4 {[%emt 0:00:01]} Rf8 {[%emt 0:00:35]} 25. g3 {[%emt 0:02:13]} Bf5 {[%emt 0:02:23]} 26. Re1 {[%emt 0:00:15]} Rc7 {[%emt 0:00:44]} 27. Bd5+ {[%emt 0:01:01]} e6 {[%emt 0:01:13]} 28. Bxe6+ {[%emt 0:00:02]} Bxe6 {[%emt 0:00:06]} 29. Rxe6 {[%emt 0:00:08]} Kf7 {[%emt 0:01:41]} 30. Re2 {[%emt 0:00:02]} Re8 {[%emt 0:00:45]} 31. Rxe8 {[%emt 0:00:04]} Kxe8 {[%emt 0:00:02]} 32. Rd1 {[%emt 0:00:16]} Kf7 {[%emt 0:00:54]} 33. Kg2 {[%emt 0:00:04]} Re7 {[%emt 0:01:28]} 34. Re1 {[%emt 0:01:28]} Rxe1 {[%emt 0:00:03]} 35. Bxe1 {[%emt 0:00:14]} Ke6 {[%emt 0:00:01]} 36. Kf3 {[%emt 0:04:16]} d5 {[%emt 0:00:05]} 37. cxd5+ {[%emt 0:00:08]} Kxd5 {[%emt 0:00:01]} 38. Bc3 {[%emt 0:00:11]} h5 {[%emt 0:02:56]} 39. h3 {[%emt 0:00:04]} Bf8 {[%emt 0:01:18]} 40. Ke3 {[%emt 0:00:00]} Bc5+ {[%emt 0:00:00]} 41. Kd3 {[%emt 0:03:02]} Bd6 {[%emt 0:05:33]} 42. Bd4 {[%emt 0:01:09]} h4 {[%emt 0:00:11]} 43. gxh4 {[%emt 0:00:02]} Bxf4 {[%emt 0:00:10]} 44. Bxb6 {[%emt 0:00:13]} Bg3 {[%emt 0:02:18]} 45. Bxa5 {[%emt 0:00:03]} Bxh4 {[%emt 0:00:18]} 46. Bb6 {[%emt 0:00:32]} Kc6 {[%emt 0:08:59]} 47. Bd4 {[%emt 0:00:31]} Kd5 {[%emt 0:01:12]} 1-0